| 000 | 00501nam a22001697a 4500 | ||
|---|---|---|---|
| 003 | BD-ChCU | ||
| 005 | 20260618101456.0 | ||
| 008 | 260618b bg ||||| |||| 00| 0 ben d | ||
| 040 | _cBD-ChCU | ||
| 082 | _a331.115 UNN | ||
| 100 |
_aUNITED Nations. _923853 |
||
| 245 |
_aNational and international measure for full employment ./ _cUNITED Nations . |
||
| 260 |
_aNew York : _bUnited Nations . _cC 1949 |
||
| 300 | _avi ,104p. | ||
| 650 | 0 |
_aLabor and Laboring Classes . _923855 |
|
| 942 |
_2ddc _cBK _n0 |
||
| 999 |
_c113407 _d113407 |
||